000 00839nam a2200217Ii 4500
003 JO-AjNU
008 230605s9999||||xx |||||||||||||| ||und||
017 _a89/8312
040 _aJO-AjNU
_bara
_erda
_cJO-AjNU
041 _aara
050 1 4 _aLB1051.H3 1990
100 3 _aحميدة، فاطمة إبراهيم,
_eauthor
_935505
245 0 0 _aالتفكير الأخلاقي:دليل المعلم في تنمية التفكير الأخلاقي لدى التلاميذ في جميع المراحل
250 _aط1
264 3 1 _aالقاهرة:مكتبة النهضة المصرية،1990
300 _a160ص
336 _atext
_btxt
_2rdacontent
337 _aunmediated
_bn
_2rdamedia
338 _avolume
_bnc
_2rdacarrier
650 4 _aأخلاق (علم نفس)-التفكير .تلاميذ- إتجاهات وميول.
_935506
999 _aA14666
_c18234
_d18234